Melanie Martinez - FAERIE SOIRÉE Lyrics - Statistics

General Stats
  • This quiz has been taken 84 times
  • The average score is 156 of 228
Answer Stats
Answer % Correct
runnin
93%
the
93%
my
90%
for
88%
blue
87%
stars
85%
on
83%
i
82%
a
80%
forehead
80%
i'm
78%
of
78%
and
77%
in
77%
they
77%
with
77%
you
75%
every
73%
said
73%
soiree
73%
to
73%
we
73%
cold
72%
faerie
72%
me
72%
mushrooms
72%
somewhere
72%
venus
70%
all
68%
girls
68%
make
68%
moving
68%
sea
68%
between
67%
boys
67%
go
67%
i've
67%
know
67%
magic
67%
searching
67%
they're
67%
wings
67%
your
67%
gather
65%
how
65%
lose
65%
turning
65%
been
63%
everyone
63%
everywhere
63%
gravity
63%
love
63%
wanna
63%
way
63%
while
63%
covered
62%
crazy
62%
day
62%
fluttering
62%
grooving
62%
weight
62%
alone
60%
dreams
60%
earth
60%
fleas
60%
from
60%
like
60%
trace
60%
astray
58%
if
58%
intensive
58%
laced
58%
really
58%
sight
58%
stay
58%
don't
57%
now
57%
pace
57%
scratching
57%
want
57%
ah
55%
dogs
55%
led
55%
mean
55%
miranda
55%
muck
55%
sugar
55%
breathing
53%
home
53%
keep
53%
nothing
53%
ride
53%
rights
53%
again
52%
dying
52%
leaning
52%
mind
52%
ooh
50%
this
50%
carcass
48%
lips
48%
pheromones
48%
tease
47%
trick
47%
are
45%
tied
40%
hands
38%
PART II: VENUS
0%
No matching quizzes found
Score Distribution
Percent of People with Each Score
Percentile by Number Answered
Your Score History
You have not taken this quiz